Sống để yêu thương và dâng hiến
Đã lưu trong:
| Príomhúdar: | |
|---|---|
| Formáid: | Leabhar |
| Teanga: | Vietnamese |
| Foilsithe: |
Hà Nội
Quân đội nhân dân
2005
|
| Ábhair: | |
| Clibeanna: |
Cuir Clib Leis
Gan Chlibeanna, Bí ar an gcéad duine leis an taifead seo a chlibeáil!
|
| Thư viện lưu trữ: | Trung tâm Học liệu Lê Vũ Hùng, Trường Đại học Đồng Tháp |
|---|
| LEADER | 00847aam a22002418a 4500 | ||
|---|---|---|---|
| 001 | 00042486 | ||
| 005 | 20181002101051.0 | ||
| 008 | 120403s2007 ||||||viesd | ||
| 020 | # | # | |c 30000 |
| 041 | 0 | # | |a vie |
| 082 | 1 | 4 | |a 895.922 803 |b S455Đ |
| 100 | 1 | # | |e Sưu tầm và giới thiệu |a Hoàng, Kim Giao |
| 245 | 1 | 0 | |c Hoàng Kim Giao; Đặng Vương Hưng (Sưu tầm và giới thiệu) |a Sống để yêu thương và dâng hiến |
| 260 | # | # | |a Hà Nội |b Quân đội nhân dân |c 2005 |
| 300 | # | # | |c 21 cm. |a 236 tr. |
| 653 | # | # | |a Thơ |
| 653 | # | # | |a Tác phẩm |
| 653 | # | # | |a Việt Nam |
| 653 | # | # | |a Văn học hiện đại |
| 653 | # | # | |a Văn xuôi |
| 852 | # | # | |j KD.0024178 |
| 910 | |d 02/10/2018 | ||
| 980 | # | # | |a Trung tâm Học liệu Lê Vũ Hùng, Trường Đại học Đồng Tháp |